00492ntaaa2200169 45000030003000000050017000030080021000200400037000410820017000782450014000952500010001092600065001193000010001845000094001946500014002887000020003020120251027202407.00714s1973 ag 01  aAR-BaBNbspacAR-BaBNeaacrdRIC a284.1000 C13 aPresencia a1 ed. aBuenos Aires : bIglesia Evangélica Luterana Unida, cn.f. a104 p aGuía completa sobre todo lo relacionado con la obra de la Iglesia Evangélica Luterana aLuteranos aCalvo, David J